000 00603nam a22002177a 4500
003 OSt
005 20250701062604.0
008 250701b |||||||| |||| 00| 0 eng d
020 _a978971065049
040 _aDWCL - Main lib
_cOC
082 _aFil. 336.24B188i 2012
100 _aBallada, Win
245 _aIncome taxation made easy/
_cWin Ballada
250 _a12th
260 _aManila :
_bDom Dane Publishers,
_cc2012.
300 _axviii, 430 pages ;
_c25cm.
650 _a1.Income tax
650 _a2. Income taxation
700 _aSusan Ballada
942 _2ddc
_cBK - FIL
_e12th
_kFil.
_n0
999 _c3337
_d3337